|
|
|
|
| LEADER |
00000nam0a2200000 4500 |
| 001 |
110188 |
| 005 |
20231031120340.0 |
| 010 |
|
|
|a 5020138002
|
| 020 |
|
|
|a RU
|b 88-25497
|
| 035 |
|
|
|a (RuTPU)RU\TPU\book\118996
|
| 090 |
|
|
|a 110188
|
| 100 |
|
|
|a 20070219d1988 k a0rusy5003 ca
|
| 101 |
0 |
|
|a rus
|
| 102 |
|
|
|a RU
|
| 105 |
|
|
|a a z 001zy
|
| 200 |
1 |
|
|a Проблемы нелинейного деформирования. Метод продолжения решения по параметру в нелинейных задачах механики твердого деформируемого тела
|f Э. И. Григолюк, В. И. Шалашилин
|
| 210 |
|
|
|a Москва
|c Наука
|d 1988
|
| 215 |
|
|
|a 230 с.
|c ил.
|
| 320 |
|
|
|a Список литературы: с. 201-227.
|
| 320 |
|
|
|a Именной указатель: с. 228-231.
|
| 610 |
1 |
|
|a деформирование
|
| 610 |
1 |
|
|a нелинейные задачи
|
| 610 |
1 |
|
|a механика
|
| 610 |
1 |
|
|a твердые деформируемые тела
|
| 675 |
|
|
|a 539.37
|v 3
|
| 700 |
|
1 |
|a Григолюк
|b Э. И.
|g Эдуард Иванович
|
| 701 |
|
1 |
|a Шалашилин
|b В. И.
|g Владимир Иванович
|
| 801 |
|
0 |
|a RU
|b RuMRKP
|c 19950417
|g psbo
|
| 801 |
|
1 |
|a RU
|b 63413507
|c 20070219
|g PSBO
|
| 801 |
|
2 |
|a RU
|b 63413507
|c 20191112
|g PSBO
|
| 942 |
|
|
|c BK
|